| 000 | 00461 a2200169 4500 | ||
|---|---|---|---|
| 003 | Nust | ||
| 005 | 20170207171611.0 | ||
| 040 | _cNust | ||
| 082 | _a005.1 | ||
| 100 | _aSultan, Wajahat. BESE-17 | ||
| 245 |
_aArmy Supply & Support Automation System (AS&SAS) BESE-17 _cWajahat Sultan, Asfand Gul, Essam Fazal. |
||
| 260 |
_aRawalpindi _bMCS _cMay 2015 |
||
| 300 | _a178p. | ||
| 538 | _a Almirah No 72 Shelf No 6 | ||
| 650 | _aUG Projects | ||
| 651 | _aUG CS Projects | ||
| 942 | _cTHS | ||
| 999 |
_c217711 _d217711 |
||